000 01353cam a22003013a 4500
001 0000723
003 DO-SdBNP
005 20161114112957.0
007 0000723
008 861112 2010 ag ac 000 0 spa d
010 _a
040 _aBPMSU
_cspa
_dBPMSU
_d
082 _aR 611
_bC965h
245 0 3 _aEl cuerpo humano :
_banatomía y funciones /
_ccoordinadores editoriales Ariela Kreimer, Laura Alejandra Romaniello ; ilustraciones Paulo Soverón
246 3 4 _aAtlas visual del cuerpo humano
260 0 _aBuenos Aires, Argentina :
_bCultural Librera Americana,
_c2010.
300 _a64 p. :
_bil.,
_c39 cm.
500 _aIncluye glosario.
505 2 _tUn organismo complejo --
_tLa célula --
_tLos tejidos --
_tLos huesos --
_tLos músculos --
_tEl sistema nervioso --
_tEl sistema circulatorio --
_tEl sistema linfático --
_tEl sistema endocrino --
_tEl sistema respiratorio --
_tEl sistema digestivo --
_tEl sistema escretor --
_tEl sistema reproductor masculino --
_tEl sistema reproductor femenino --
_tLa gestación --
_tLos sentidos --
_tApéndice --
_tGlosario --
600 _a
_x
650 4 _aANATOMÍA HUMANA
_vATLAS
700 1 2 _aKreimer, Ariela
_ecoord.
700 1 2 _aRomaniello, Laura Alejandra
700 1 2 _aSoverón, Paulo
_eil.
910 _aValidado. Control de calidad MFF
942 _2ddc
_cBK
956 _2YLOCKWARD
_310
_8BPMSU
999 _c11575
_d11575